El impuesto sobre la exportación del salitre

Salvato in:
Dettagli Bibliografici
Ente Autore: Comisión Informante nombrada por el Supremo Gobierno en mayo de 1925 (Autore)
Natura: Libro
Lingua:spagnolo
Pubblicazione: Santiago Imprenta Cervantes 1925
Edizione:1a. ed
Soggetti:
Tags: Aggiungi Tag
Nessun Tag, puoi essere il primo ad aggiungerne!!

MARC

LEADER 00000nam a2200000 a 4500
001 UCJ5988
003 CL-VaPUC
008 070124e19250000CL |||||||||||||||||spa|d
082 0 4 |a 918.3  |b COM  |2 21 
110 2 |a Comisión Informante nombrada por el Supremo Gobierno en mayo de 1925  |e author  |9 512057 
245 1 3 |a El impuesto sobre la exportación del salitre 
250 |a 1a. ed 
300 |a 22 p 
942 |c BK 
945 |d 20070124 00:00:00  |a rinostro 
260 |a Santiago  |b Imprenta Cervantes  |c 1925 
500 |a Folleto empastado junto a otros en un volumen rotulado Salitre, Varios, 1925; ubicado en 918.3 ALT 
600 0 |a Edwards, Agustín  |e autor   |9 321017 
600 0 7 |a YAÑEZ, ELIODORO  |2 CL-VaPUC  |9 371852 
600 0 7 |a HENRIQUEZ, CARLOS  |2 CL-VaPUC  |9 512058 
600 0 7 |a SUBERCASEAUX, GUILLERMO  |2 CL-VaPUC  |9 512059 
650 0 |a Industria salitrera  |9 440309 
650 7 |a SALITRE SINTETICO  |2 CL-VaPUC  |9 506462 
650 0 |a Comercio exterior  |9 257617 
650 0 |a Impuestos  |9 255450 
650 0 |a Historia de Chile  |9 265473 
583 |a last modification  |c 20070124 00:00:00  |k Rodrigo Vera 
999 |c 322096  |d 322094 
952 |0 0  |1 0  |4 0  |6 918_300000000000000_COM_1925  |7 0  |8 X  |9 401012  |a FDOBUD  |b FDOBUD  |d 2019-11-22  |i 1042335  |o 918.3 COM 1925  |p 1042335  |r 2019-11-22  |w 2019-11-22  |y BK_X  |k BUD